000 01069nam a2200337Ic 4500
001 59005
003 CO-BoRNBP
005 20250901223225.0
007 ta
008 000101?uuuu unk 000 0 unk d
020 _a8495123614
040 _aCO-BoRNBP
_bspa
_erda
_cCO-BoRNBP
041 _aspa
100 _aGrejniec, Michael
_eaut
_964618
245 0 0 _aA qué sabe la Luna? /
_ctexto e ilustraciones Michael Grejniec ; traducción Carmen Barreiro.
250 _a1a. edición
264 1 _aPontevedra, España :
_bKalandraka,
_c1999
300 _a28 páginas :
_bilustraciones
336 _atext
_btxt
_2rdacontent
337 _aunmediated
_bn
_2rdamedia
338 _avolume
_bnc
_2rdacarrier
490 _aColección libros para soñar
650 0 7 _aCuentos infantiles
_2lemb
650 0 7 _aLectores en marcha
_2lemb
_964619
650 0 7 _aLiteratura infantil
_2lemb
_92746
650 0 7 _aLuna
_vCuentos
_2lemb
_964620
650 0 7 _aAnimales
_vCuentos
_2LEMB
_9745
700 _aBarreiro, Carmen
_etrl
700 _aGrejniec, Michael
_eill
_964618
942 _cBK
_2ddc
999 _c59005
_d59005